Introducción a la macroeconomía (Registro nro. 6024)

Detalles MARC
000 -LEADER
fixed length control field 01109 a2200205 4500
001 - CONTROL NUMBER
control field 56731
005 - DATE AND TIME OF LATEST TRANSACTION
control field 20260407155830.0
008 - FIXED-LENGTH DATA ELEMENTS--GENERAL INFORMATION
fixed length control field 260407a arg spa d
003 - CONTROL NUMBER IDENTIFIER
control field AR-UNSa-BCEJYS
040 ## - CATALOGING SOURCE
Original cataloging agency AR-UNSa-BCEJYS
Language of cataloging spa
Transcribing agency AR-UNSa-BCEJYS
080 ## - UNIVERSAL DECIMAL CLASSIFICATION NUMBER
Universal Decimal Classification number 330.101.541
Common auxiliary subdivision Macroeconomía
041 ## - LANGUAGE CODE
Language code of text/sound track or separate title spa
100 1# - MAIN ENTRY--PERSONAL NAME
Personal name Gaba, Ernesto
245 10 - TITLE STATEMENT
Title Introducción a la macroeconomía
264 #1 - PRODUCTION, PUBLICATION, DISTRIBUTION, MANUFACTURE, AND COPYRIGHT NOTICE
Place of production, publication, distribution, manufacture Buenos Aires :
Name of producer, publisher, distributor, manufacturer El Coloquio
300 ## - PHYSICAL DESCRIPTION
Extent 207 p.
Dimensions 26 cm.
505 ## - FORMATTED CONTENTS NOTE
Formatted contents note 1. Definición de economía - 2. Normas de cátedra – 3. Producto bruto o valor agregado – 4. Índice de precios implícitos – 5. La función consumo – 6. El ahorro monetario y la tasa real de interés – 7. La función ahorro – 8. La función ahorro cuando se introduce el sector externo – 9. Ejercicio – 10. Ingreso de equilibrio – 11. Ingreso de equilibrio con sector externo y con sector gobierno – 12. Operaciones de cambio – 13. Mercado del dinero e indexación – 14. Política económica – 15. La ecuación de cambio – 16. Oferta de dinero
590 ## - LOCAL NOTE (RLIN)
Local note niveau_biblio:m niveau_hierar:0
942 ## - ADDED ENTRY ELEMENTS (KOHA)
Koha item type
Existencias
Withdrawn status Lost status Damaged status Not for loan Home library Current library Shelving location Date acquired Total checkouts Full call number Barcode Date last seen Price effective from Koha item type
        Biblioteca Prof. Eusebio Cleto del Rey Biblioteca Prof. Eusebio Cleto del Rey   07/04/2026   330.101.541 G112 L13252 07/04/2026 07/04/2026 Libro